| 000 | 00423nam a2200169Ia 4500 | ||
|---|---|---|---|
| 003 | GCL | ||
| 008 | 140319s9999 xx 000 0 eng d | ||
| 040 |
_aGCL / _cGCL |
||
| 082 | 0 | 4 |
_a100 _bDM |
| 100 | 1 | _aDESCARTES, RENE | |
| 245 | 1 | 0 |
_aMEDITATIONS METAPHYSIGUES / _cDESCARTES, RENE |
| 260 |
_a[S.N] : _bLE LIVRE DE POCHE ، _c1990 |
||
| 300 | _a315 | ||
| 650 | 0 | 4 | _aMETAPHYSICS |
| 650 | 0 | 4 | _aPHILOSOPHY |
| 942 |
_2ddc _cBK |
||
| 999 |
_c25292 _d25292 |
||